滋賀県の市町村(1968年) - Statistics

General Stats
  • This quiz has been taken 23 times
  • The average score is 25 of 50
Answer Stats
コード 市町村 備考 % Correct
25201 大津市
100%
25203 長浜市
86%
25206 草津市
79%
25202 彦根市
71%
25204 近江八幡市
71%
25205 八日市市 2005年消滅
57%
25301 滋賀郡志賀町 2006年消滅
50%
25321 栗太郡栗東町 2001年昇格
50%
25342 野洲郡中主町 2004年消滅
50%
25343 野洲郡野洲町 2004年消滅
50%
25363 甲賀郡水口町 2004年消滅
50%
25364 甲賀郡土山町 2004年消滅
50%
25365 甲賀郡甲賀町 2004年消滅
50%
25366 甲賀郡甲南町 2004年消滅
50%
25367 甲賀郡信楽町 2004年消滅
50%
25402 神崎郡五個荘町 2005年消滅
50%
25423 愛知郡秦荘町 2006年消滅
50%
25424 愛知郡愛知川町 2006年消滅
50%
25442 犬上郡甲良町
50%
25463 坂田郡米原町 2005年消滅
50%
25522 高島郡今津町 2005年消滅
50%
25523 高島郡朽木村 2005年消滅
50%
25524 高島郡安曇川町 2005年消滅
50%
25525 高島郡高島町 2005年消滅
50%
25526 高島郡新旭町 2005年消滅
50%
25341 野洲郡守山町 1970年昇格
43%
25361 甲賀郡石部町 2004年消滅
43%
25362 甲賀郡甲西町 2004年消滅
43%
25381 蒲生郡安土町 2010年消滅
43%
25382 蒲生郡蒲生町 2006年消滅
43%
25383 蒲生郡日野町
43%
25384 蒲生郡竜王町
43%
25401 神崎郡永源寺町 2005年消滅
43%
25403 神崎郡能登川町 2006年消滅
43%
25422 愛知郡湖東町 2005年消滅
43%
25441 犬上郡豊郷村 1971年昇格
43%
25443 犬上郡多賀町
43%
25461 坂田郡山東町 2005年消滅
43%
25462 坂田郡伊吹村 1971年昇格
43%
25481 東浅井郡浅井町 2006年消滅
43%
25482 東浅井郡虎姫町 2010年消滅
43%
25483 東浅井郡湖北町 2010年消滅
43%
25484 東浅井郡びわ村 1971年昇格
43%
25501 伊香郡高月町 2010年消滅
43%
25502 伊香郡木之本町 2010年消滅
43%
25503 伊香郡余呉村 1971年昇格
43%
25504 伊香郡西浅井村 1971年昇格
43%
25521 高島郡マキノ町 2005年消滅
43%
25421 愛知郡愛東村 1971年昇格
36%
25464 坂田郡近江町 2005年消滅
36%
No matching quizzes found
Score Distribution
Percent of People with Each Score
Percentile by Number Answered
Your Score History
You have not taken this quiz